000 00757nam a2200277Ia 4500
003 OSt
005 20220918222342.0
006 a|||||r|||| 00| 0
007 ta
008 220917b |||||||| |||| 00| 0 eng d
024 _a216,563
037 _cTextual
040 _aARTS
_cARTS
_beng
041 _2eng
_aeng
082 _aY:(B28), N9
100 _aDegenne Alain
_9142882
245 0 _aIntroducing social networks
250 _a3rd
260 _aLondon
_bSage publications
_c1999
300 _avii, 248p
_ccm.
650 _aSOCIOLOGY
700 _a Borges Arthur Tr.
_9142883
700 _a Forse Michel
_9142884
942 _hY:(B28), N9
_cTEXL
_2CC
999 _c275262
_d275262